Conceptualización teórica y los análisis sobre el desarrollo del capitalismo en el campo y la formación de su estructura de clases /
Gardado en:
| Autor Principal: | |
|---|---|
| Formato: | Texto |
| Materias: | |
| Etiquetas: |
Engadir etiqueta
Sen Etiquetas, Sexa o primeiro en etiquetar este rexistro!
|
MARC
| LEADER | 00000 a a2200000 04500 | ||
|---|---|---|---|
| 001 | 43669 | ||
| 003 | |||
| 040 | |a ## | ||
| 100 | |a Baumeister, Eduardo | ||
| 245 | |a Conceptualización teórica y los análisis sobre el desarrollo del capitalismo en el campo y la formación de su estructura de clases / |c Eduardo Baumeister | ||
| 650 | |a CAPITALISMO | ||
| 650 | |a AMERICA LATINA | ||
| 650 | |a ESTRUCTURA AGRARIA | ||
| 650 | |a SECTOR AGROPECUARIO | ||
| 650 | |a CAMPESINADO | ||
| 773 | |g volumen12, número36 (1983), páginas 139-164 | ||
| 999 | |c 22392 |d 22392 | ||
| 773 | 0 | |0 18875 |9 5325 |a Universidad de Costa Rica. |d San José, Costa Rica: Universidad de Costa Rica. Consejo Superior Universitario Centroamericano, 1972- |o 14002 |t Estudios Sociales Centroamericanos / |x 03039676 | |
